000 00333nam a2200145Ia 4500
008 150201s2009 xx 000 0 und d
082 _a611
_bS09H
100 _aHALIM,A
245 _aSURFACE & RADIOLOGICAL ANATOMY
250 _a2ND
260 _bCBS
_aDELHI
_c2009
300 _a1-202
650 _aHUMAN ANATOMY
942 _2ddc
_cBK
_01
999 _c325
_d325